00283nam a2200097Ia 4500008004100000041000800041100001900049245006500068260003300133999001900166241105s9999 xx 000 0 und d aeng aHingne Neeraja aExclusive Childscape : Landscape Proposal For Childrens Park bM Arch Landscape, Punec2014 c360964d360964